Biggest Countries Starting With FLABBER - Statistics

General Stats
  • This quiz has been taken 401 times
  • The average score is 7 of 9
Answer Stats
Country % Correct
France
97%
Brazil
88%
Russia
88%
Argentina
77%
Australia
77%
Ethiopia
77%
Laos
71%
Libya
64%
Egypt
58%
No matching quizzes found
Score Distribution
Percent of People with Each Score
Percentile by Number Answered
Your Score History
You have not taken this quiz